Allokations- und Verteilungswirkungen alternativer Regelungen von internationalen Gemeinnutzungsressorcen
Salvato in:
| Autore principale: | |
|---|---|
| Natura: | Libro |
| Lingua: | tedesco |
| Pubblicazione: |
Kiel
Institut für Weltwirtschaft
1983
|
| Serie: | Arbeitspapier
Nr. 185 |
| Tags: |
Nessun Tag, puoi essere il primo ad aggiungerne!!
|
MARC
| LEADER | 00000nam a2200000 4500 | ||
|---|---|---|---|
| 001 | c133112 | ||
| 005 | 20181203150449.0 | ||
| 041 | 0 | |a ger | |
| 044 | |a DE | ||
| 245 | 1 | 0 | |a Allokations- und Verteilungswirkungen alternativer Regelungen von internationalen Gemeinnutzungsressorcen |c Federico Foders |
| 264 | 1 | |a Kiel |b Institut für Weltwirtschaft |c 1983 | |
| 300 | |a 28 s. | ||
| 490 | 1 | |a Arbeitspapier |v Nr. 185 | |
| 830 | 0 | |a Arbeitspapier |v Nr. 185 | |
| 100 | 1 | |a Foders, Federico | |